Czy poznasz film Marvela? - Statystyki

Ogólne statystyki
  • Ten quiz został rozwiązany 516 razy
  • Średni wynik to 30 z 58
Statystyki odpowiedzi
Rok RT % Tytuł % Poprawnych
2008 93 Iron Man
93%
2012 92 Avengers
90%
2002 90 Spider-Man
89%
2010 73 Iron Man 2
88%
1990 7 Kapitan Ameryka
88%
2013 79 Iron Man 3
86%
2011 77 Thor
85%
2019 95 Avengers: Koniec gry
79%
2004 93 Spider-Man 2
78%
2015 75 Avengers: Czas Ultrona
77%
2003 62 Hulk
77%
2018 85 Avengers: Wojna bez granic
75%
2007 63 Spider-Man 3
75%
2017 93 Thor: Ragnarok
73%
2015 82 Ant-Man
72%
2014 90 Kapitan Ameryka: Zimowy żołnierz
71%
2012 72 Niesamowity Spider-Man
70%
2017 92 Spider-Man: Homecoming
70%
2018 97 Czarna Pantera
69%
2016 91 Kapitan Ameryka: Wojna bohaterów
69%
2013 66 Thor: Mroczny Świat
69%
2019 78 Kapitan Marvel
67%
2014 91 Strażnicy Galaktyki
66%
2016 89 Doktor Strange
65%
2018 88 Ant-Man i Osa
64%
2014 52 Niesamowity Spider-Man 2
62%
2008 67 Niesamowity Hulk
59%
2000 81 X-Men
57%
2011 80 Kapitan Ameryka: Pierwsze starcie
56%
2017 84 Strażnicy Galaktyki Vol. 2
53%
2016 84 Deadpool
46%
2003 85 X-Men 2
44%
2018 83 Deadpool 2
43%
1994 33 Fantastyczna Czwórka
42%
2005 27 Fantastyczna Czwórka
42%
2015 9 Fantastyczna Czwórka
42%
2018 29 Venom
40%
2013 71 Wolverine
39%
2003 44 Daredevil
36%
2017 93 Logan
33%
2011 86 X-Men: Pierwsza Klasa
31%
2007 27 Ghost rider
28%
1998 54 Blade
27%
2006 58 X-Men: Ostatni bastion
27%
1989 28 The Punisher
26%
2004 29 The Punisher
26%
2014 90 X-Men: Przeszłość która nadejdzie
25%
2005 11 Elektra
21%
2009 37 X-Men Geneza: Wolverine
21%
2002 57 Blade 2
20%
2016 47 X-Men: Apocalypse
20%
2011 18 Ghost Rider 2
18%
1986 15 Kaczor Howard
17%
2007 37 Fantastyczna Czwórka: Narodziny Srebrnego Surfera
14%
2018 97 Spider-Man: Uniwersum
14%
2004 25 Blade: Mroczna Trójca
12%
2008 29 Punisher: Strefa wojny
9%
2014 89 Wielka Szóstka
5%
Nie znaleziono quizów pasujących do podanych kryteriów
Rozkład punktacji
Procent ludzi z każdym wynikiem
Percentyl według liczby udzielonych odpowiedzi
Twoja historia wyników
Nie rozwiązałeś tego quizu